| 000 | 00501nam a22001817a 4500 | ||
|---|---|---|---|
| 005 | 20240805131433.0 | ||
| 008 | 240805b |||||||| |||| 00| 0 eng d | ||
| 020 | _a978-81-317-3448-3 | ||
| 082 |
_a621.3815 _bFLO-D |
||
| 100 | _aFloyd, Thomas. L | ||
| 245 |
_aDigital Fundamentals / _c by Thomas L. Floyd |
||
| 250 | _a10th ed. | ||
| 260 |
_aIndia : _bPearsons ; _c2011 . |
||
| 300 |
_avi, 659 p. : _bill ; _c27 cm. |
||
| 500 | _aInclude Index. | ||
| 650 | _aTechnical/ Engineering | ||
| 999 |
_c36287 _d36287 |
||